| 000 | 01025nam0a22002531 4500 | ||
|---|---|---|---|
| 001 | rc\2596205 | ||
| 005 | 20260406153741.0 | ||
| 035 | _a(NLR Aleph) 006760372 | ||
| 090 |
_a5837965 _c5837965 |
||
| 100 | _a20110914d1929 |||y0rusy50 ca | ||
| 101 | 0 | _arus | |
| 102 | _aRU | ||
| 105 | _ay z ||||| | ||
| 200 | 1 |
_aРабочие университеты _eСборник положений и организационных материалов _fГлавполитпросвет |
|
| 210 |
_aМосква _aЛенинград _cНар. ком. прос. РСФСР _cГос. изд-во _d1929 _eЛенинград _gтип. "Коминтерн" Центр. изд. народов СССР |
||
| 215 |
_a61, [1] с. _d23х15 см. |
||
| 710 | 0 | 1 |
_aРСФСР _bГлавный политико-просветительный комитет _3RU\NLR\AUTH\889929096 _9353714 |
| 801 | 0 |
_aRU _bNLR _gpsbo |
|
| 801 | 1 |
_aRU _bELAR _2rusmarc |
|
| 852 |
_aNLR _j88/495 |
||
| 852 |
_aNLR _j93/1810 |
||
| 942 | _cBOOK | ||
| 980 | _aNB | ||